|
|
|
|
| LEADER |
00987cam a2200265 7i4500 |
| 001 |
0000004190 |
| 005 |
20240204090000.0 |
| 008 |
240204t19731973ch a ### #00001eng## |
| 040 |
# |
# |
|a UMT
|b eng
|c UMT
|d Loc
|e rda
|
| 090 |
0 |
0 |
|a QL 624
|b .S7 1973
|
| 100 |
1 |
# |
|a Sterba, Gunter
|e author
|
| 245 |
1 |
0 |
|a Freshwater fishes of the world
|c Gunter Sterba ; translated and revised by Denys W. Tucker.
|
| 264 |
# |
4 |
|c ♭1973
|
| 264 |
# |
1 |
|a Hong Kong:
|b T.F.H. Publications, Inc. Ltd.,
|c 1973
|
| 300 |
# |
# |
|a 456 pages:
|b some illustrations;
|c 21 cm
|
| 336 |
# |
# |
|a text --
|2 rdacontent
|
| 337 |
# |
# |
|a unmediated --
|2 rdamedia
|
| 338 |
# |
# |
|a volume --
|2 rdacarrier
|
| 590 |
# |
# |
|a Koleksi Prof. Dr. Ang Kok Jee
|
| 650 |
0 |
0 |
|a Freshwater fishes
|
| 700 |
1 |
# |
|a Tucker, Denys W.
|
| 999 |
|
|
|a 1100013220
|b Book
|c Open Shelf
|e KOLEKSI TERBUKA
|
| 999 |
|
|
|a 1100013221
|b Book
|c Open Shelf
|e KOLEKSI TERBUKA
|
| 999 |
|
|
|a 1000388337
|b Book
|c Open Shelf
|e KOLEKSI TERBUKA
|
| 999 |
|
|
|a 1000401748
|b Book
|c Open Shelf
|e KOLEKSI TERBUKA
|